00305nam a2200121Ia 4500008004100000041000800041082001400049100002200063245002300085260003800108300003000146365000700176240624s9999 xx 000 0 und d aeng a332.1 NAG aRAO KATURI NAGESH aBANKING STRATEGY I c2003aHyderabadbICFAI University axx, : 184 : p. : cm. ; 23 cRS